Songs from books
Gardado en:
| Autor Principal: | |
|---|---|
| Formato: | Libro |
| Idioma: | inglés |
| Publicado: |
Londres
Macmillan
1913
|
| Series: | Macmillan Pocket Kipling
|
| Subjects: | |
| Tags: |
Engadir etiqueta
Sen Etiquetas, Sexa o primeiro en etiquetar este rexistro!
|
MARC
| LEADER | 00000nam a2200000 a 4500 | ||
|---|---|---|---|
| 001 | UCQ3820 | ||
| 003 | CL-VaPUC | ||
| 008 | 980828e19130000UK |||||||||||||||||eng|d | ||
| 082 | 0 | 4 | |a 821 |b KIP |2 21 |
| 100 | |a Kipling, Rudyard |e author |9 345267 | ||
| 245 | 1 | 0 | |a Songs from books |
| 300 | |a 302 p | ||
| 942 | |c BK | ||
| 945 | |d 19980828 00:00:00 |a crobeson | ||
| 260 | |a Londres |b Macmillan |c 1913 | ||
| 650 | 0 | |a Poesías inglesas |9 265094 | |
| 650 | 0 | |a Literatura inglesa |9 312907 | |
| 583 | |a last modification |c 19980828 00:00:00 |k Rodrigo Vera | ||
| 490 | 0 | |a Macmillan Pocket Kipling | |
| 999 | |c 274333 |d 274331 | ||
| 952 | |0 0 |1 0 |4 0 |6 821_000000000000000_KIP_1913 |7 0 |8 P |9 310484 |a BIBEDU |b BIBEDU |d 2019-11-20 |i 1458639 |o 821 KIP 1913 |p 1458639 |r 2019-11-20 |w 2019-11-20 |y BK |k LIT | ||